Statistics for Random European Geography - Hard(ish)

Click here to take the quiz!

General Stats

  • This quiz has been taken 35 times
  • The average score is 3 of 15

Answer Stats

HintAnswer% Correct
Largest city by land area (Urban)Moscow
56%
Largest city outside of EU, Turkey or RussiaKiev
53%
Largest city west of LondonMadrid
38%
Largest non-Indo-European languageHungarian
34%
Northernmost city with more than 100,000 peopleMurmansk
31%
Capital of TransnistriaTiraspol
31%
Same as above, but in the EUOulu
16%
Highest point in the BalkansRila
6%
Largest city by land area (City proper)Rovaniemi
6%
Smallest cityHum
3%
Largest lake south of VätternIJsselmeer
3%
Largest (and only :D) desertTabernas
3%
Largest forestVirgin Komi
3%
Westernmost point of EUMonchique
0%
Youngest islandNorderoogsand
0%

Score Distribution

Percentile by Number Answered

Percent of People with Each Score

Your Score History

You have not taken this quiz